000 00765nam a2200241Ia 4500
003 OSt
005 20220927105605.0
006 a|||||r|||| 00| 0
007 ta
008 220926b |||||||| |||| 00| 0 eng d
024 _a195556
037 _cReference Collections
040 _aRTL
_cRTL
_beng
041 _2eng
_aeng
082 _a"X.213s, Q3/GD"
110 _a"KARNATAKA, COMPTROLLER AND AUDITOR GENERAL OF INDIA"
_9373593
245 0 _aReport on economic sector
260 _a"Mysore,"
_b"Govt. Press, "
_c2013
490 _v01455855: 2013 (for year ended March 2012) (78p)
700 _a"KARNATAKA, COMPTROLLER AND AUDITOR GENERAL OF INDIA"
_9373594
942 _h"X.213s, Q3/GD"
_cCC
999 _c693332
_d693332